| 000 | 01178cam a22002054a 4500 | ||
|---|---|---|---|
| 005 | 20250605164046.0 | ||
| 008 | 250528s ||||||||||||||||||||||||d | ||
| 035 | _a17122 | ||
| 020 | _a333625579 | ||
| 040 |
_aGR-AtMCL _bgre _dGR-AtMCL _eAACR2 |
||
| 245 | 1 | _aMathematics and Statistics for Business, Management and Finance | |
| 260 | _c1997 | ||
| 300 | _a934 | ||
| 520 | _aThis book presents an introduction to mathematics and statistics for all levels. Preface, Acknowledgements, Transitional Mathematics, Numbers and Symbols, Simplifying Expressions, Solving Problems, Some Special Equations, Modelling Using Straight Lines, Modelling Using Curves, Rates of Change, Mathematics, Maximizing and Minimizing, Modelling Using Matrices, Time and Money, Statistics, Describing Data, Measuring Uncertainty, When Outcomes are Numerical, Two or More Random Variables, Continuous Numerical Outcomes, Populations and Samples: Estimating, Populations and Samples: Testing Hypotheses, Sample Data which Comes in Pairs, Forecasting, Overall Index. | ||
| 700 | 1 |
_aSwift Louise _93265 |
|
| 942 | _cBK | ||
| 710 | 2 |
_aMacmillan Business _99714 |
|
| 999 |
_c2562 _d2562 |
||